Introduction to qualitative research methods : a guidebook and resource

Αποθηκεύτηκε σε:
Λεπτομέρειες βιβλιογραφικής εγγραφής
Κύριος συγγραφέας: Taylor, Steven J. 1949-
Άλλοι συγγραφείς: Bogdan, Robert
Μορφή: Βιβλίο
Γλώσσα:English
Δημοσίευση: New York : Wiley, c1998
Έκδοση:3rd ed.
Θέματα:
Ετικέτες: Προσθήκη ετικέτας
Δεν υπάρχουν, Καταχωρήστε ετικέτα πρώτοι!

MARC

LEADER 00000nam a2200000 i 4500
001 1/5610
008 100312s1998 eng d
020 |a 0-471-16868-8 (hbk.) 
035 |l 10107223 
040 |a GR-MY-UA  |b gre  |e aacr 
041 0 |a eng 
082 0 |a 301.072  |2 (22) 
100 1 |a Taylor, Steven J.  |d 1949- 
245 1 0 |a Introduction to qualitative research methods :  |b a guidebook and resource /  |c Steven J. Taylor, Robert Bogdan 
250 |a 3rd ed. 
260 |a New York :   |b Wiley,   |c c1998 
300 |a x, 337 σ.;  |b εικ.;  |c 24 εκ. 
504 |a Βιβλιογραφία: σ. 287-327 
504 |a Ευρετήρια: σ. 329-337 
650 0 0 |a Social sciences  |x Research  |x Methodology. 
650 0 0 |a Sociology  |x Research  |x Methodology. 
650 0 0 |a Qualitative research. 
700 1 |a Bogdan, Robert. 
852 |a INST  |b LESVOS  |e 20100312  |h 301.072 TAY  |p 005100046786  |q 005100046786  |t BK  |y 0 
901 |a BIBL1-2010-1 
909 |a Λ  |b 152259 
922 |a 1ΕΛΗ  |b 200803  |c ΕΠΕΑΕΚ2/ΤΓ  |d ΕΛΕΥΘΕΡΟΥΔΑΚΗΣ 
970 |a ΚΑΡΑ  |b ΓΙΑΣΕΜΗ  |z 2010/03/12